Responses for Show #7917 - Tuesday, January 29, 2019

Contestants

[<< previous game]

Niño Yosinao, a development assistant and data analyst from San Francisco, California

Chris Whalen, an editor from Austin, Texas

Jill Regan, an auditor from Dedham, Massachusetts (whose 1-day cash winnings total $31,601)

[next game >>]

Jeopardy! Round responses

AMERICAN QUOTATIONS
TV WORKPLACE SETTINGS
(Alex: In which you have to identify the type of workplace central to each television program.)
A THIN CATEGORY
GOVERNMENT
HAMBURGERS
FRIES
    $200 12
Osama bin Laden

Jill
    $200 4
an advertising office

Chris
    $200 14
a string bean (or bean)

Jill
    $200 1
counties

Niño
    $200 3
the Nobel Peace Prize

Chris
    $200 25
doughnuts

Jill
    $400 13
sunscreen

Chris
    $400 5
a late-night talk show

Triple Stumper
    $400 15
slim

Jill
    $400 2
the EPA

Chris
    $400 21
the Beatles

Jill
    $400 26
(Alex: With less than a minute now.)

corn dogs

Niño
    $600 16
code breaking

Triple Stumper
    $600 6
a quarry

Chris
    $600 18
skinny

Chris
    $600 9
impeachment

Niño
    $600 22
(Angela) Merkel

Jill
    $600 27
falafel

Jill
    $800 17
(Alex: President of the Confederacy.)

Jefferson Davis

Triple Stumper
    $800 7
a (fashion) magazine

Jill
    $800 19
David Lean

Triple Stumper
    $800 10
the Secretary of State

Niño
    $800 23
Fendi

Jill
    $800 28
a Monte Cristo

Chris
    $1000 30
The Jungle

Niño
    $1000 8
(Chris: [Selecting next clue] What is GOVERNMENT, for $400? I'm sorry. GOVERNMENT, for $600. Wow.)

a newsroom (or newspaper)

Chris
    $1000 20
spindly

Chris
    $1000 11
an alderman

Jill
    $3,000 24
(Jill: Who is Beethoven?)

Johannes Brahms

Jill
    $1000 29
empanadas

Jill

Scores at the first commercial break (after clue 15):

Jill Chris Niño
$2,600 $2,800 $1,600

Scores at the end of the Jeopardy! Round:

Jill Chris Niño
$3,200 $5,200 $3,000

Double Jeopardy! Round responses

BUILDING BIG
ART & ARTISTS
SINGING IN NON-MUSICAL MOVIES
RUSSIAN LITERATURE
MAKE IT LOOK GOOD
YOU DO KNOW JACKALOPE
(Alex: And in that weird-sounding category, each correct response will be made up of some or all of the letters in "jackalope".)
    $400 22
the Sears Tower

Chris
    $400 11
murals

Chris
    $400 16
Bridesmaids

Chris
    $400 21
the Three Sisters

Chris
    $400 6
a makeover

Jill
    $400 1
(Niño: What is a...)

a palace

ChrisNiño
    $1,000 23
(Alex: Chris?)
(Chris: I don't know.)

the Great Pyramid

Chris
    $800 12
(Grant) Wood

Chris
    $800 17
About a Boy

Jill
    $800 27
War and Peace

Niño
    $800 7
staging

Jill
    $800 2
peak

Niño
    $1200 24
the Watts Towers

Jill
    $3,000 13
(Chris: What is Frick?)

Gertrude Whitney

Chris
    $1200 18
Big

Chris
    $1200 28
Lara

Triple Stumper
    $1200 8
putting lipstick on a pig

Jill
    $1200 3
ale

Chris
    $1600 25
Saudi Arabia

Triple Stumper
    $1600 14
(Jean-Michel) Basquiat

Chris
    $1600 19
Blazing Saddles

Jill
    $1600 29
[The end-of-round signal sounds.]

The Gulag Archipelago

Jill
    $1600 9
Czechoslovakia

Niño
    $1600 4
an oak

Jill
    $2000 26
(Alex: Four clues left with less than a minute to go.)

the Ming dynasty

Triple Stumper
    $2000 15
Raphael

Triple Stumper
    $2000 20
My Best Friend's Wedding

Chris
    $2000 10
a false front

Jill
    $2000 5
to cajole

Triple Stumper

Scores at the end of the Double Jeopardy! Round:

Jill Chris Niño
$14,400 $10,000 $5,800

[wagering suggestions for these scores]

Final Jeopardy! Round responses

20th CENTURY DISASTERS
(Alex: Herbert Morrison was the on-air announcer, announcing the arrival of the Hindenburg in New Jersey.)
NiñoWhat is Mayday! Mayday! Mayday! Tora! Tora! Tora
$4,201
ChrisWhat is oh the humanity?
$4,401
JillWhat is Oh the humanity
$5,601
"Oh, the humanity!"

Final scores:

Jill Chris Niño
$20,001 $14,401 $1,599
2-day champion: $51,602 2nd place: $2,000 3rd place: $1,000

Game dynamics:

Coryat scores:

Jill Chris Niño
$17,400 $14,000 $5,800
20 R,
1 W
(including 1 DD)
19 R,
2 W
(including 2 DDs)
8 R,
1 W

Combined Coryat: $37,200

[game clues] [game scores] [suggest correction]

Game tape date: 2018-12-04
The J! Archive is created by fans, for fans. Scraping, republication, monetization, and malicious use prohibited; this site may use cookies and collect identifying information. See terms. The Jeopardy! game show and all elements thereof, including but not limited to copyright and trademark thereto, are the property of Jeopardy Productions, Inc. and are protected under law. This website is not affiliated with, sponsored by, or operated by Jeopardy Productions, Inc. Join the discussion at JBoard.tv.